<?xml version="1.0" encoding="UTF-8"?>
<collection xmlns="http://www.loc.gov/MARC21/slim">
 <record>
  <leader>01057nam a22002297a 4500</leader>
  <controlfield tag="001">AAL8259</controlfield>
  <controlfield tag="003">BD-DhAAL</controlfield>
  <controlfield tag="005">20160224122027.0</controlfield>
  <controlfield tag="008">160224s    2008bg ||||| |||| 00| 0 ben d</controlfield>
  <datafield tag="040" ind1=" " ind2=" ">
   <subfield code="a">BD-DhAAL</subfield>
   <subfield code="c">BD-DhAAL</subfield>
  </datafield>
  <datafield tag="082" ind1=" " ind2=" ">
   <subfield code="a">891.4437</subfield>
  </datafield>
  <datafield tag="100" ind1=" " ind2=" ">
   <subfield code="a">গঙ্গোপাধ্যায়, সুনীল </subfield>
   <subfield code="9">18126</subfield>
  </datafield>
  <datafield tag="245" ind1=" " ind2=" ">
   <subfield code="a">মনে আছে মনে থাকবে /</subfield>
   <subfield code="c">সুনীল গঙ্গোপাধ্যায়</subfield>
  </datafield>
  <datafield tag="260" ind1=" " ind2=" ">
   <subfield code="a">ঢাকা :</subfield>
   <subfield code="b">নালন্দা, </subfield>
   <subfield code="c">২০০৮</subfield>
  </datafield>
  <datafield tag="300" ind1=" " ind2=" ">
   <subfield code="a">৯৬ পৃ. ;</subfield>
   <subfield code="c">২২ সে.মি.</subfield>
  </datafield>
  <datafield tag="541" ind1=" " ind2=" ">
   <subfield code="e">8259</subfield>
  </datafield>
  <datafield tag="650" ind1=" " ind2=" ">
   <subfield code="a">Bengali fiction </subfield>
   <subfield code="9">18127</subfield>
  </datafield>
  <datafield tag="852" ind1=" " ind2=" ">
   <subfield code="a">Savar Campus Library </subfield>
   <subfield code="c">General Stacks</subfield>
  </datafield>
  <datafield tag="942" ind1=" " ind2=" ">
   <subfield code="2">ddc</subfield>
   <subfield code="c">BK</subfield>
  </datafield>
  <datafield tag="999" ind1=" " ind2=" ">
   <subfield code="c">36919</subfield>
   <subfield code="d">36919</subfield>
  </datafield>
  <datafield tag="952" ind1=" " ind2=" ">
   <subfield code="0">0</subfield>
   <subfield code="1">0</subfield>
   <subfield code="2">ddc</subfield>
   <subfield code="4">0</subfield>
   <subfield code="6">891_443700000000000_GON</subfield>
   <subfield code="7">0</subfield>
   <subfield code="9">58135</subfield>
   <subfield code="a">SCL</subfield>
   <subfield code="b">SCL</subfield>
   <subfield code="c">GEN</subfield>
   <subfield code="d">2016-02-24</subfield>
   <subfield code="g">160.00</subfield>
   <subfield code="l">20</subfield>
   <subfield code="m">31</subfield>
   <subfield code="o">891.4437 GON</subfield>
   <subfield code="p">3020008259</subfield>
   <subfield code="r">2025-09-02</subfield>
   <subfield code="s">2025-08-26</subfield>
   <subfield code="t">1</subfield>
   <subfield code="w">2016-02-24</subfield>
   <subfield code="y">BK</subfield>
  </datafield>
  <datafield tag="952" ind1=" " ind2=" ">
   <subfield code="0">0</subfield>
   <subfield code="1">0</subfield>
   <subfield code="2">ddc</subfield>
   <subfield code="4">0</subfield>
   <subfield code="6">891_443700000000000_GON</subfield>
   <subfield code="7">0</subfield>
   <subfield code="9">58136</subfield>
   <subfield code="a">SCL</subfield>
   <subfield code="b">SCL</subfield>
   <subfield code="c">GEN</subfield>
   <subfield code="d">2016-02-24</subfield>
   <subfield code="g">160.00</subfield>
   <subfield code="l">18</subfield>
   <subfield code="m">28</subfield>
   <subfield code="o">891.4437 GON</subfield>
   <subfield code="p">3020008258</subfield>
   <subfield code="r">2025-08-19</subfield>
   <subfield code="s">2025-08-17</subfield>
   <subfield code="t">2</subfield>
   <subfield code="w">2016-02-24</subfield>
   <subfield code="y">BK</subfield>
  </datafield>
 </record>
</collection>
